| 000 | 01270nam0a2200277 4500 | ||
|---|---|---|---|
| 001 | RU\NLR\BIBL_A\022442603 | ||
| 005 | 20250806205102.0 | ||
| 035 | _a(NLR Aleph) 022442603 | ||
| 090 |
_a73958 _c73958 |
||
| 100 | _a20250201d1941 d y0rusy50 ca | ||
| 101 | 0 | _akaz | |
| 102 | _aKZ | ||
| 105 | _aab z 000 y | ||
| 181 | 0 |
_ai _baxxe |
|
| 182 | 0 | _an | |
| 200 | 1 |
_aФизикалық география _eорталау және орта мектептіӊ 5- класына арналған оқу қӯралы _fА. С. Барков пен А. А. Половинкин |
|
| 203 |
_aТекст _bвизуальный _cнепосредственный |
||
| 210 |
_aАлматы _cҚазақ бірікмембас. _d1941 |
||
| 215 |
_a130,[2] с. _cил., карты _d22 |
||
| 541 | 1 |
_aФизическая география _eдля 5-го кл. непол. сред. и сред. шк. _zrus |
|
| 700 | 1 |
_aБарков _bА.С. _f1873-1953 _gАлександр Сергеевич _4070 |
|
| 701 | 1 |
_aПоловинкин _bА. А. _cд-р геогр. наук _f1887-1955 _gАлександр Александрович _3RU\NLR\AUTH\77113672 _4070 |
|
| 942 | _cBOOK | ||
| 945 | _aРоссийская национальная библиотека | ||
| 980 | _aBV | ||